| 000 | 00436cam a2200169ua 4500 | ||
|---|---|---|---|
| 003 | OSt | ||
| 008 | 250415b |||||||| |||| 00| 0 eng d | ||
| 041 | _aeng | ||
| 082 |
_a624.15136 _bTER/SO |
||
| 100 |
_aTerzaghi, Karl . _97414 |
||
| 245 | _aSoil mechanics in engineering practice / | ||
| 250 | _a1 / | ||
| 260 |
_aMumbai : _bAsia Publishing House , _c1962. |
||
| 300 | _a565 ; . | ||
| 700 | 1 |
_aPeck, Ralph.B . _97363 |
|
| 942 | _cBK | ||
| 999 |
_c1917 _d1917 |
||